000 00316nam a22001337a 4500
020 _a978-1-4072-4542-3
082 _a823
_bSIM/J
100 _aFRANCESCA SIMON
245 _aJOGGER'S BIG ADVENTURE
260 _aUNITED KINGDOM
_bORION
_c2012
300 _a60
650 _aCHILDRENS STORY BOOK
_zUNITED KINGDOM
942 _cBK
999 _c59
_d59